Comuni della Provincia dell'Aquila - Statistics

Statistiche generali
  • Questo quiz è stato fatto 58 volte
  • Il punteggio medio è 35 su 108
Statistiche sulle risposte
Comune % Corretto
Avezzano
88%
L'Aquila
84%
Sulmona
81%
Roccaraso
78%
Castel di Sangro
72%
Celano
69%
Ovindoli
59%
Barrea
56%
Rivisondoli
56%
Anversa degli abruzzi
53%
Campotosto
53%
Carsoli
53%
Tagliacozzo
53%
Ateleta
50%
Pescasseroli
50%
Pescocostanzo
50%
Pratola Peligna
50%
Scanno
50%
Aielli
47%
Alfedena
47%
Cocullo
47%
Opi
47%
Luco dei Marsi
44%
Rocca di Mezzo
44%
Villetta Barrea
44%
Barisciano
41%
Capistrello
41%
Corfinio
41%
Magliano de' Marsi
41%
Navelli
41%
Pacentro
41%
Pizzoli
41%
Campo di Giove
38%
Capestrano
38%
Civitella Alfedena
38%
Pescina
38%
Barete
34%
Bugnara
34%
Calascio
34%
Civitella Roveto
34%
Introdacqua
34%
Ofena
34%
Raiano
34%
Acciano
31%
Castelvecchio Subequo
31%
Gioia dei Marsi
31%
Montereale
31%
San Benedetto dei Marsi
31%
San Demetrio ne' Vestini
31%
Balsorano
28%
Bisegna
28%
Collarmele
28%
Goriano Sicoli
28%
Ocre
28%
Oricola
28%
Roccacasale
28%
Rocca di Cambio
28%
Santo Stefano di Sessanio
28%
Scoppito
28%
Castel di Ieri
25%
Castelvecchio Calvisio
25%
Massa d'Albe
25%
Trasacco
25%
Cagnano Amiterno
22%
Canistro
22%
Cansano
22%
Capitignano
22%
Cappadocia
22%
Castel del Monte
22%
Cerchio
22%
Collelongo
22%
Lecce nei Marsi
22%
Lucoli
22%
Ortona dei Marsi
22%
Ortucchio
22%
Poggio Picenze
22%
Rocca Pia
22%
San Pio delle Camere
22%
Scontrone
22%
Scurcola Marsicana
22%
Tornimparte
22%
Villalago
22%
Villavallelonga
22%
Vittorito
22%
Caporciano
19%
Carapelle Calvisio
19%
Castellafiume
19%
Civita d'Antino
19%
Fontecchio
19%
Fossa
19%
Molina Aterno
19%
Morino
19%
Pereto
19%
Pettorano sul Gizio
19%
San Benedetto in Perillis
19%
San Vincenzo Valle Roveto
19%
Collepietro
16%
Prezza
16%
Sante Marie
16%
Sant'Eusanio Forconese
16%
Secinaro
16%
Villa Santa Lucia degli Abruzzi
16%
Fagnano Alto
13%
Gagliano Aterno
13%
Villa Sant'Angelo
13%
Prata d'Ansidonia
9%
Rocca di Botte
9%
Tione degli Abruzzi
9%
Nessun quiz corrispondente trovato
Distribuzione punteggi
Percentuale di utenti per punteggio
Percentile per numero di risposta
I tuoi punteggi nel tempo
Non hai fatto questo quiz